|
|
|
|
| LEADER |
01256nam a22002537a 4500 |
| 001 |
13294 |
| 003 |
BD-DhAAL |
| 005 |
20141204145303.0 |
| 008 |
141204s2003 bg ||||| |||| 00| 0 ben d |
| 020 |
|
|
|a 9840744127
|
| 040 |
|
|
|a BD-DhAAL
|c BD-DhAAL
|
| 082 |
|
|
|2 22
|a 582.13/095492
|
| 100 |
|
|
|a শর্মা, দ্বিজেন
|9 6567
|
| 245 |
|
|
|a ফুলগুলি যেন কথা /
|c দ্বিজেন শর্মা
|
| 260 |
|
|
|a ঢাকা :
|b বাংলা একাডেমী,
|c ২০০৩
|
| 300 |
|
|
|a ১১৯ পৃ. ;
|c ২৫ সে. মি.
|
| 541 |
|
|
|e 13294
|
| 650 |
|
|
|a Flowers
|x Identification
|z Bangladesh
|9 6568
|
| 852 |
|
|
|a Ayesha Abed Library
|
| 942 |
|
|
|2 ddc
|c BK
|
| 999 |
|
|
|c 33221
|d 33221
|
| 952 |
|
|
|0 0
|1 0
|2 ddc
|4 0
|6 582_130954920000000_SHA
|7 0
|9 44345
|a BRACUL
|b BRACUL
|c GEN
|d 2014-12-04
|g 170.00
|l 1
|m 7
|o 582.13095492 SHA
|p 3010013294
|r 2024-09-01
|s 2024-06-02
|t 2
|w 2014-12-04
|y BK
|
| 952 |
|
|
|0 0
|1 0
|2 ddc
|4 0
|6 582_130954920000000_SHA
|7 0
|9 44373
|a BRACUL
|b BRACUL
|c GEN
|d 2014-12-06
|g 170.00
|l 1
|m 7
|o 582.13095492 SHA
|p 3010013293
|r 2024-09-02
|s 2024-06-02
|t 1
|w 2014-12-06
|y BK
|
| 952 |
|
|
|0 0
|1 0
|2 ddc
|4 0
|6 582_130000000000000_095492_SHA
|7 0
|9 56408
|a SCL
|b SCL
|c GEN
|d 2015-10-24
|g 144.00
|l 0
|o 582.13095492 SHA
|p 3020006819
|r 2017-03-01
|t 3
|w 2015-10-24
|y BK
|